000
00272nam a22001097a 4500
008
231112b |||||||| |||| 00| 0 eng d
100
_a
Radhakrishnan, S,
_9
6535
245
_a
Mahatma Gandhi 100 Years
260
_b
Gandhi, Foundation;
_c
1968;
300
_a
401p
942
_c
BK
999
_c
40350
_d
40350